| 000 | 00410nam a2200169Ia 4500 | ||
|---|---|---|---|
| 005 | 20251020182607.0 | ||
| 008 | 200515s9999 xx 000 0 und d | ||
| 082 | _aSC/382(85)/B21 | ||
| 110 | _aBanco Central de Reserva del PerĂº | ||
| 245 | 0 | _aEl sector externo y las reservas internacionales | |
| 260 | _aLima | ||
| 260 | _c1982 | ||
| 300 | _a136 | ||
| 650 | _aECONOMIA | ||
| 650 | _aPERU | ||
| 942 | _cLIB | ||
| 999 |
_c3226 _d3226 |
||